Academic entrepreneurship in Europe / (Record no. 11045)

MARC details
000 -LEADER
fixed length control field 01483cam a22003255a 4500
001 - CONTROL NUMBER
control field 14467329
005 - DATE AND TIME OF LATEST TRANSACTION
control field 20201128013538.0
008 - FIXED-LENGTH DATA ELEMENTS--GENERAL INFORMATION
fixed length control field 060725t2007 enkadk frb 001 0 eng d
020 ## - INTERNATIONAL STANDARD BOOK NUMBER
International Standard Book Number 9781848441804
020 ## - INTERNATIONAL STANDARD BOOK NUMBER
International Standard Book Number 9781845426484 (hbk.)
040 ## - CATALOGING SOURCE
Original cataloging agency DLC
Transcribing agency DLC
Modifying agency BAKER
-- BTCTA
-- BWKUK
-- YDXCP
-- DLC
-- EG-ScBUE
Language of cataloging eng
043 ## - GEOGRAPHIC AREA CODE
Geographic area code e------
082 04 - DEWEY DECIMAL CLASSIFICATION NUMBER
Classification number 338.473784
Item number ACA
Edition number 22
245 00 - TITLE STATEMENT
Title Academic entrepreneurship in Europe /
Statement of responsibility, etc Mike Wright ... [et. al]
260 ## - PUBLICATION, DISTRIBUTION, ETC. (IMPRINT)
Place of publication, distribution, etc Cheltenham ;
-- Northamoton :
Name of publisher, distributor, etc Edward Elgar Publishing,
Date of publication, distribution, etc c.2007.
300 ## - PHYSICAL DESCRIPTION
Extent ix, 228 p. :
Other physical details charts, forms, tables ;
Dimensions 24 cm.
500 ## - GENERAL NOTE
General note Index : p. 215-228.
504 ## - BIBLIOGRAPHY, ETC. NOTE
Bibliography, etc Bibliography : p. 200-213.
505 0# - FORMATTED CONTENTS NOTE
Formatted contents note Introduction -- Public policies to foster academic spin-offs -- Types of spin-offs -- Processes at the institutional level : incubation models -- Processes at the firm level : phases and models of development -- Entrepreneurial teams in spin-offs -- Financial constraints and access to finance -- Conclusions and policy implications.
650 #0 - SUBJECT ADDED ENTRY--TOPICAL TERM
Topical term or geographic name as entry element Education, Higher
General subdivision Economic aspects
Geographic subdivision Europe.
Source of heading or term BUEsh
650 #0 - SUBJECT ADDED ENTRY--TOPICAL TERM
Topical term or geographic name as entry element Universities and colleges
General subdivision Research
Geographic subdivision Europe.
Source of heading or term BUEsh
650 #0 - SUBJECT ADDED ENTRY--TOPICAL TERM
Topical term or geographic name as entry element Universities and colleges
Geographic subdivision Europe
General subdivision Finance.
Source of heading or term BUEsh
650 #0 - SUBJECT ADDED ENTRY--TOPICAL TERM
Topical term or geographic name as entry element Academic-industrial collaboration
Geographic subdivision Europe.
Source of heading or term BUEsh
650 #0 - SUBJECT ADDED ENTRY--TOPICAL TERM
Topical term or geographic name as entry element Business and education
Geographic subdivision Europe.
Source of heading or term BUEsh
651 ## - SUBJECT ADDED ENTRY--GEOGRAPHIC NAME
Source of heading or term BUEsh
653 ## - INDEX TERM--UNCONTROLLED
Resource For college BAEPS, Business Administration
Arrived date list June2015
655 ## - INDEX TERM--GENRE/FORM
Form subdivision
-- 34232
700 1# - ADDED ENTRY--PERSONAL NAME
Title of a work Wright, Mike.
9 (RLIN) 2236
942 ## - ADDED ENTRY ELEMENTS (KOHA)
Source of classification or shelving scheme Dewey Decimal Classification
Item type Book - Borrowing
Holdings
Withdrawn status Item status Source of classification or shelving scheme Damaged status Not for loan Vendor Home library Current library Shelving location Date acquired Source of acquisition Cost, normal purchase price Serial Enumeration / chronology Total Checkouts Full call number Barcode Date last seen Koha item type
    Dewey Decimal Classification     Baccah Central Library Central Library First floor 08/03/2009   275.00 7370   338.473784 ACA 000015390 15/07/2025 Book - Borrowing
    Dewey Decimal Classification     Baccah Central Library Central Library First floor 09/06/2015         338.473784 ACA 000038494 15/07/2025 Book - Borrowing